000 00564cam a22002053a 4500
001 39858
003 PGUSA
005 20140828083904.0
008 120529s2012||||xxu|||||s|||||000 | eng d
040 _aPGUSA
_beng
042 _adc
100 1 _aDu Maurier, George,
_d1834-1896
245 1 0 _aTrilby
_h[electronic resource] /
_cGeorge Du Maurier
260 _bProject Gutenberg,
_c2012
506 _aPublic domain in the USA.
516 _aElectronic text
830 0 _aProject Gutenberg
_v39858
856 4 0 _uhttp://www.gutenberg.org/ebooks/39858
942 _cEB
999 _c269111
_d269111